000
00229nam a22000977a 4500
999
_c
11219
_d
11219
008
181012b ||||| |||| 00| 0 eng d
020
_a
8193847912
100
_a
SHARMA.R.D
_9
6973
245
_a
MATHEMATICSS CLASS-X
942
_2
ddc
_c
BK